00671nam a2200193Ia 4500008004100000020001500041082001400056100003600070245005200106250000700158260007200165300003000237500001900267600002700286650001500313942000700328952012700335999001500462240925s9999 xx 000 0 und d a8121902894 a621.3 THE aTheraja ,B. L.; Theraja ,A. K. 2aA Text Book of Electrical Technology S.I system aNA aNew Delhi:bNiraja Construction and Development Co. (P) LTDc,1995. axxxii,827p.bNAfOriginal aIncludes Index aEngineering Technology aTechnology cBK 011440708ETaUITUbUITUd1996-12-03eAbdullah Academyg200.00l0o621.3 THEpQ0851r2024-09-25 07:12:14w2024-09-25yBK c3350d3350